| 000 | 00000nam 2200000za 4500 |
| 001 | 9.576571 |
| 003 | CaOODSP |
| 005 | 20221107134046 |
| 007 | cr ||||||||||| |
| 008 | 150406s1968||||cn ao|||o f001 0 eng d |
| 040 | |aCaOODSP|beng |
| 041 | |aeng |
| 043 | |an-cn-bc |
| 086 | 1 |aA54-3/4-2E-PDF |
| 100 | 1 |aTaylor, Roy L. |
| 245 | 10|aFlora of the Queen Charlotte Islands |nPart 2, |pCytological aspects of the vascular plants |h[electronic resource] / |cRoy L. Taylor and Gerald A. Mulligan. |
| 246 | 30|aCytological aspects of the vascular plants |
| 260 | |aOttawa : |bResearch Branch, Canada Department of Agriculture, |c1968. |
| 300 | |avii, 148 p.: |bill., maps. |
| 490 | 1 |aMonograph / Research Branch, Canada Department of Agriculture |vNo. 4, Part 2 |
| 500 | |aHistorical publication digitized by Agriculture and Agri-Food Canada. |
| 504 | |aIncludes bibliographical references and index. |
| 590 | |a13-17-Supp|b2013-07-25 |
| 690 | 07|aBotany|2gcpds |
| 690 | 07|aFlora|2gcpds |
| 690 | 07|aWestern provinces|2gcpds |
| 690 | 07|aWild plants|2gcpds |
| 700 | 1 |aMulligan, Gerald A.,|d1928- |
| 710 | 1 |aCanada.|bAgriculture Canada.|bResearch Branch. |
| 830 | #0|aMonograph (Canada. Dept. of Agriculture. Research Branch)|vNo. 4, Part 2 |w(CaOODSP)9.507514 |
| 856 | 40|ahttp://publications.gc.ca|qPDF|s10.88 MB|uhttps://publications.gc.ca/collections/collection_2013/aac-aafc/agrhist/A54-3-4-2-eng.pdf|yNo. 4, Part 2 |